MDQL
is popping MORE tags! Check the
thread
!
Quizzes
Events
Quiz Creation
Community
Videos
Private Events
Remove Ads
Sign In
Join for FREE
Feedback
Dark Mode
Quiz Categories
Sports
Geography
Music
Movies
Television
Just For Fun
Miscellaneous
History
Literature
Language
Science
Gaming
Entertainment
Religion
Holiday
For Kids
Quiz Lab
Recent
Popular Today
Quiz Kudos Today
Editor Picks
Curator Picks
Quizzes by...
Day
Popularity
Type
Ratings
Length
Year
Community
Subscriptions
Recent Discussions
Orange Saloon
Badges
Playlists
Quests
Create
Leaderboards
Showdown
Live 5
Trivia Bingo
Activity
Puzzle Library
Sporcle Events
Private Events
Virtual Trivia
Globe League
Become a Host
Pub Owners
SporcleCon
Opinionation
Our Games
Videos
Blog
Mobile Apps
Partnerships
Remove Ads and Go Orange
Feedback
Miscellaneous
Crossword
General Knowledge
Baby Names
Logo
Food
Cars
Numbers
Grab Bag
University
College
Popular
Company
Slogans
Restaurants
Justice
Letter
Miscellaneous
Crossword
General Knowledge
Baby Names
Logo
Food
Cars
Numbers
Grab Bag
University
College
Popular
Company
Slogans
Restaurants
Justice
Letter
Random Quiz
Search Sporcle
×
Quiz Lab
Quiz Lab
Miscellaneous
Baby Names
Type in answers that appear in a list
Type in answers that appear in a list
Classic
Best Score? Go Orange.
Top 238 F Names, 1955 Stats
Can you name the 238 most popular F names for babies born in 1955?
By
nightfloat
20m
238 Questions
894 Plays
894 Plays
894 Plays
Comments
Comments
Give Quiz Kudos
Give Quiz Kudos
-
- Ratings
hide this ad
More Info
Replay
Link that replays current quiz
Next Quiz
Link to next quiz in quiz playlist
You Got
0%
They Got
Avg Score
34%
Avg Friend Score
Upgrade to see
Score Distribution
Jump to the score distribution portion of the page
Score
0/238
Timer
20:00
0
Plays Today
Sex
Name
% Correct
F
Fran
99.3%
M
Frank
97.4%
F
Frank
97.4%
M
Fred
97%
F
Fred
97%
F
Franci
96.9%
F
Frances
95.9%
M
Frances
95.9%
M
Francis
94.9%
F
Francis
94.9%
F
France
94.4%
M
France
94.4%
M
Frederick
93.1%
F
Frederick
93.1%
M
Frederic
91.7%
F
Flo
90.2%
F
Flor
88.6%
M
Freddie
88.4%
F
Freddie
88.4%
M
Freddy
87.7%
F
Florence
85.7%
F
Flora
83.5%
M
Frankie
83.4%
F
Frankie
83.4%
F
Fanny
78.2%
F
Fannie
76.7%
F
Fern
76.7%
F
Francine
75.8%
F
Fay
75.5%
F
Francesca
75.5%
M
Fay
75.5%
F
Fiona
74.2%
M
Finn
72.6%
M
Franklin
71.9%
F
Franklin
71.9%
M
Franky
70.2%
F
Faye
69.7%
M
Fredric
69%
F
Faith
68.8%
F
Francie
68.2%
F
Felicia
67.7%
M
Fredrick
67.3%
F
Freda
65.1%
M
Francisco
64.6%
M
Fabian
64.6%
F
Francisco
64.6%
F
Felicity
62.3%
M
Felix
60.6%
F
Felix
60.6%
M
Fernando
59.6%
M
Ferd
59%
M
Fernand
58.9%
M
Ferdinand
57.8%
F
Frieda
54.6%
M
Forrest
53.6%
F
Forrest
53.6%
F
Frida
53.1%
M
Fabio
52.8%
M
Forest
52.3%
F
Fara
52.2%
F
Fatima
51.6%
F
Frederica
51.5%
M
Floyd
50.9%
F
Floyd
50.9%
M
Frederik
50.9%
F
Freida
50.7%
M
Franco
50.2%
F
Floy
50.1%
F
Francisca
49.9%
F
Fawn
47.1%
M
Francesco
47%
M
Flynn
47%
M
Finley
46%
M
Ford
45.9%
F
Fernanda
45.7%
F
Fae
45%
M
Felipe
44.7%
M
Ferris
43.4%
F
Ferris
43.4%
F
Francy
43%
Sex
Name
% Correct
M
Foster
42.2%
F
Flossie
41.6%
M
Farley
41.4%
M
Franke
40.3%
M
Franklyn
39.1%
F
Flavia
38.5%
M
Fredie
37.4%
M
Frederico
37.3%
F
Francina
36.8%
M
Federico
36.6%
F
Floria
36.2%
M
Fredy
34.9%
F
Fredericka
34.3%
F
Florida
33.5%
M
Fenton
33.5%
F
Ferne
33.4%
F
Faun
32.5%
M
Flint
32.4%
M
Felton
31.8%
F
Felice
31.7%
F
Florencia
31.1%
M
Fritz
31%
F
Florie
30.9%
F
Fredrica
29.8%
M
Franz
29.7%
M
French
29.7%
M
Flavio
29.7%
F
Francene
29.5%
F
Florrie
29%
M
Farris
28.8%
M
Florian
28.8%
F
Farris
28.8%
F
Florine
28.2%
F
Felisha
28.2%
M
Fletcher
28%
M
Fernie
28%
F
Fayth
28%
F
Fairy
27.4%
F
Fancy
27%
F
Francee
26.6%
F
Florina
26.2%
F
Freeda
25.8%
M
Foy
24.2%
F
Fredricka
23.6%
M
Farrel
23.4%
F
Frenchie
23.4%
M
Fidel
23.2%
F
Fabienne
23%
M
Faris
22.9%
M
Farrell
22.8%
F
Fredda
22.7%
M
Fulton
22.4%
F
Florance
22.2%
M
Friedrich
21.9%
F
Franceen
21.5%
F
Felipa
21.4%
F
Fredrika
21.2%
F
Florene
21.1%
M
Freeman
20.9%
F
Fonda
20.9%
M
Francois
20.5%
F
Faithe
20.4%
F
Francia
20.3%
F
Filomena
20.2%
M
Filbert
19.9%
M
Fate
19%
M
Fredrich
18.7%
F
Floris
17.3%
F
Franchesca
16.9%
F
Francoise
16.5%
F
Felica
16.4%
F
Felecia
16.1%
F
Fabiola
15.9%
F
Florette
15.8%
M
Fiore
15.7%
M
Frederich
15.3%
M
Ferrel
15.1%
F
Floretta
15%
M
Fitzgerald
14.7%
M
Ferrell
14.6%
Sex
Name
% Correct
F
Fayette
14.4%
M
Fraser
14.2%
M
Frazier
13.1%
M
Fredderick
12.9%
M
Furman
12.7%
F
Fidelia
12.6%
F
Francena
12.3%
F
Fidela
12.1%
M
Festus
12.1%
M
Florencio
12%
M
Farron
11.8%
M
Faron
11.3%
F
Felisa
11.3%
F
Florinda
10.8%
F
Fritzi
10.8%
M
Fidelio
10.8%
M
Farren
10.7%
M
Foley
10.7%
M
Feliciano
10.6%
M
Ferman
10.3%
F
Fedora
10%
M
Fleming
9.9%
F
Feliciana
9.9%
M
Filmore
9.6%
M
Fransisco
9.4%
M
Freddrick
9.4%
F
Fritzie
9.1%
F
Felicita
9%
F
Faustina
8.4%
F
Fredia
8.3%
F
Fayetta
8.2%
F
Florita
8.2%
F
Fransisca
8.2%
M
Fausto
7.6%
M
Frak
7.6%
F
Faylene
7.4%
F
Francheska
7.4%
M
Faustino
7%
M
Fermin
6.6%
M
Florentino
6.6%
M
Fleet
6.2%
F
Felicitas
6%
M
Franciso
6%
M
Fernandez
5.5%
F
Francella
5.4%
F
Francyne
5.2%
F
Felita
5%
F
Fermina
5%
F
Flonnie
4.4%
M
Filiberto
4.1%
F
Fleta
4.1%
F
Franchetta
3.9%
M
Filemon
3.7%
F
Forestine
3.5%
M
Fermon
3.5%
M
Filomeno
3.3%
M
Finis
3.2%
M
Fransico
3.1%
F
Fleeta
3%
F
Francies
2.9%
F
Frona
2.9%
M
Ferlin
2.8%
M
Fortunato
2.3%
F
Florenda
2.2%
M
Fulgencio
2.2%
M
Fredick
2.2%
M
Felder
1.8%
M
Fidencio
1.7%
F
Fayrene
1.4%
F
Fredna
1.4%
F
Francenia
0.9%
F
Faige
0.9%
F
Flordia
0.7%
F
Francelia
0.3%
F
Florestine
0.3%
F
Florestela
0.3%
M
Fidensio
0.2%
M
Frezell
0.2%
Quiz Playlist
Details
Report
Send in Message
Add To Playlist
More Info:
You'll miss a lot if you don't dive into Hispanic names!
Classic:
Type in answers that appear in a list
Quiz Source
Last Updated: Feb 20, 2019
Quiz Scoreboard
CHALLENGE
Sign Up to Join the Scoreboard
Show All
Scores
Hide
Comments
May contain spoilers
Recently Published
5x2 Blitz: Bands
by SL_Kpop136
Music
30s
Colored Red Africa Blitz
by spor1
Geography
30s
Find the 'City' Movie
by crazypaving
Movies
60s
More to Explore
Quiz From the Vault
Featured Blog Post
14 Easter Pick-up Lines to Find Eggs With
hide this ad
You Might Also Like...
Tags
Baby Names Quiz
Popular Quiz
United States Quiz
1955
First Names
name
Today's Top Quizzes in Miscellaneous
Browse Miscellaneous
hide this ad
Today's Top Quizzes in Baby Names
Browse Baby Names
Top Contributed Quizzes in Miscellaneous
1
5-to-1: Fast Food
2
The JOE quick-fire general knowledge quiz: Day 174
3
9x9 Crossword: Disney Movie Titles
4
9x9 Crossword: Charlie and the Chocolate Factory
5
9x9 Crossword: Pixar Movie Titles
6
9x9 Crossword: Flags
7
9x9 Crossword: 2022 Movies
8
9x9 Crossword: Nickelodeon
9
9x9 Crossword: Actors
10
9x9 Crossword: Halloween
Explore More
Trending Topics
Harry Potter
Disney
Kpop
Marvel
Crossword
NBA
Anime
Song
Puzzle
NFL
Pokémon
The Office
WWE
Soccer
Country
hide this ad
More By:
nightfloat
Quiz
Plays
Rating
Category
Featured
Created
Flower and Jewelry Names for Ladies
118,268
4.49
Miscellaneous
Aug 21, 2011
French-English Name Dictionary
82,687
3.93
Language
Sep 14, 2012
Irish-English Name Dictionary
81,475
4.60
Language
Sep 16, 2012
Spanish-English Name Dictionary
80,055
4.35
Language
Sep 12, 2012
Lyn Names for Ladies
78,148
4.21
Miscellaneous
Aug 18, 2011
Go to Creator's Profile
Score Distribution
Quiz Creator Spotlight
nightfloat
Follow
Send a Message
Quizzes Created
-
Created Quiz Play Count
-
More By This Creator
Popular Quizzes Today
1
Colored Red Africa Blitz
2
Find the 'City' Movie
3
Find the US States - No Outlines Minefield
4
5x2 Blitz: Bands
5
The Countries of the World
6
Find the US States
7
US States
8
9x9 Crossword: Cartoon Network
More Miscellaneous Quizzes
ABC's
Published
Trending Quizzes
Colored Red Europe Blitz I
Colored Red Europe Blitz II
Colored Red Africa Blitz II
Colored Red Europe Blitz III
Colored Red Africa Blitz III
Recently Updated
How Do You Spell That?
pecheneg
Godzilla Movies
pecheneg
Grab Bag: 4-10 Letters
pecheneg
2024 March Madness Bracket
pecheneg
Famous TV Couples
Peacemaker
Champions League XIs: Real Madrid
pecheneg
Largest US Cities 1790-2010
pecheneg
Rides in Walt Disney World
pecheneg
Most Oscar Losses (Acting)
pecheneg
Beyoncé Albums
pecheneg
Trending Topics
Anime
Crossword
Marvel
Kpop
Disney
Harry Potter
NBA
Soccer
Pokémon
Song
NFL
The Office
Country
WWE
Puzzle
Your Account Isn't Verified!
In order to create a playlist on Sporcle, you need to verify the email address you used during registration. Go to your
Sporcle Settings
to finish the process.
Report this User
Report this user for behavior that violates our
Community Guidelines
.
Details:
Send Report
Go to the Sporcle.com Mobile Site →
Comments